Arte y tecnología: 1 básica

Guardat en:
Dades bibliogràfiques
Autor principal: Rojas Leiva, Manuel José (Autor)
Format: Llibre
Idioma:espanyol
Publicat: Santiago Santillana 2000
Col·lecció:Proyecto Caracola
Matèries:
Etiquetes: Afegir etiqueta
Sense etiquetes, Sigues el primer a etiquetar aquest registre!

MARC

LEADER 00000nam a2200000 a 4500
001 UCL8382
003 CL-VaPUC
008 040618e20000000CL |||||||||||||||||spa|d
020 |a 9561505452 
082 0 4 |a 372.5  |b ROJ  |2 21 
100 0 |a Rojas Leiva, Manuel José  |e author  |9 486336 
245 1 0 |a Arte y tecnología: 1 básica 
300 |a 85 p 
942 |c BK 
945 |d 20040618 00:00:00  |a cmena 
260 |a Santiago  |b Santillana  |c 2000 
650 0 |a Educación artística  |9 269035 
650 0 |a Educación básica   |9 224933 
650 0 |a Libros de texto  |9 270019 
650 0 |a Métodos de enseñanza  |9 270413 
650 0 |a Educación tecnológica  |9 307597 
650 0 |a Creatividad   |9 310816 
583 |a last modification  |c 20040618 00:00:00  |k Rodrigo Vera 
490 0 |a Proyecto Caracola 
999 |c 309719  |d 309717 
952 |0 0  |1 0  |4 0  |6 372_500000000000000_ROJ_2000  |7 0  |8 A  |9 377444  |a BIBEDU  |b BIBEDU  |d 2019-11-21  |i 4027159  |o 372.5 ROJ 2000  |p 4027159  |r 2019-11-21  |w 2019-11-21  |y BK  |k EBA